000 02308nam a2200361 a 4500
001 ASIN0415598966
003 Nust- CAS-E
005 20180118181356.0
008 140305s2010 xxu eng d
020 _a0415598966
_c$115.95
020 _a9780415598965
040 _c0
050 0 4 _aTN295
082 0 4 _a622.8
_bMIN 2010
245 1 0 _aMine safety and efficient exploitation facing challenges of the 21st century :
_binternational mining forum 2010 /
_cLiu Zegong, Jerzy Kicki, Hua Xinzhu, Yuan Shujie, Dai Guanglong, Eugeniusz J. Sobczyk.
250 _a1st ed.
260 _a[S.l.] :
_bCRC Press,
_c2010.
300 _a300 p. ;
_c25 cm.
520 _aThe International Mining Forum is a meeting of scientists and professionals for exchanging new ideas and experiences, evaluate previously implemented solutions, and discuss fresh ideas that might change the mining industry’s image. In recent years theory and technology in mine safety and efficient exploitation has made considerable progress in China, Poland and other countries, due to the introduction of many new theories and technologies. The International Mining Forum 2010, jointly organized by Anhui University of Science and Technology (China), AGH University of Science and Technology (Poland) and Mineral and Energy Economy Research Institute of the Polish Academy of Sciences (Poland), has provided experts all over the world with an opportunity and platform to exchange information and ideas. Purpose of the forum was to promote research and development of mine safety, efficient exploitation theory and provide theoretical and technical support for mine safety improvement. This book is addressed to researchers and professionals who work in the fields of underground mining technology, rock engineering or mine management.
650 0 _aCoal mines and mining--Safety measures
650 0 _aMine safety
650 0 _aMines and mineral resources
650 0 _aMining engineering
650 0 _aMining geology
700 1 _aGuanglong, Dai.
700 1 _aKicki, Jerzy.
700 1 _aShujie, Yuan.
700 1 _aSobczyk, Eugeniusz J.
700 1 _aXinzhu, Hua.
700 1 _aZegong, Liu.
856 4 0 _3Amazon.com
_uhttp://www.amazon.com/exec/obidos/ASIN/0415598966/chopaconline-20
942 _2ddc
_cBK
999 _c355285
_d355285